000 00383nam a22001217a 4500
082 _a342.5491082
_bCHA
100 _aChaudhary, Muhammad Irfan Ul Haq
245 _aThe Manual of NADRA Laws Alongwith Citizenship Laws /
_cMuhammad Irfan Ul Haq Chaudhary
260 _aLahore :
_bAl-Haq Law Book Centre,
_c2015.
300 _a624 p. ;
_c24 cm.
563 _aHB.
942 _2ddc
_cBK
999 _c616054
_d616054